1413 1143 1264 1066 1575 1595 1623 1415 1331 1504 1019 1060 1013 1440 1204 1250 1566 1645 1754 1239 1435 1130 1322 1063 1430 1732 1430 1199 1212 1243 1846 1033 1887 1242 1389 1969 1315 1883 1645 1291 1513 1523 1816 1386 1362 1444 1121 1620 1155 1648 1343 1368 1715 1295 1195 1435 1610 1651 1681 1452 1665 1250 1374 1795 1732 1073 1058 1733 1692 1133 1614 1596 1526 1649 1284 1249 1998 1736 1370 1901 1972 1177 1416 1803 1937 1996 1504 1775 1839 1236 1524 1071 1986 1893 1337 1458 1767 1338 1544 BCNSPRNW ULIB Ver.6.0+V

เปลี่ยนเป็นภาษาไทย

Change to English
 แสดงรายละเอียดบรรณานุกรม
  กลับหน้าหลัก

Brief Record : Get Marc (ISO 2709) : E-mail record : QR code < ปิดหน้าต่าง
LEADER : 00000nam 2200000uu 4500
001    13399114059
003     ULIB
008    110824s||||||||th 000 0 tha d
020    9786117097010
090    นว.^bพ969ล 2552
100 0  ไพฑูร
245 00 ลิขิตรัก...ข้ามภพ/^cไพฑูร
250    พิมพ์ครั้งที่ 1
260    กรุงเทพฯ :^bSimpy Book,^c2552
300    219 หน้า
710 1  Simpy Book
945    ^p175^l0^i026484
995    ทศพร
999     ^aใช้งานได้ทุกระบบ
รายการนี้ยังไม่มีแท็ก
คุณยังไม่ได้ล็อกอิน คุณสามารถมีกิจกรรมร่วมกับเว็บไซต์ได้ แต่ต้องล็อกอินก่อน ::
  ล็อกอิน

รายการสื่อสารสนเทศ

ลำดับที่ ประเภท เลขเรียก/บาร์โค้ด สถานที่ สถานะ
1. นวนิยาย
นวนิยาย
นว. พ969ล 2552 ฉ.1 
  Barcode: 026484
ห้องสมุดวิทยาเขตสวรรค์ประชารักษ์
►นวนิยาย
บนชั้น
  ขอยืม

รายการใกล้เคียง
    ผู้แต่ง [ไพฑูร]

BibComment


ยังไม่เคยถูกคอมเมนท์

คอมเมนท์ทรัพยากรรายการนี้
  คอมเมนท์: ลิขิตรักข้ามภพ ไพ..


 Copyright 2026. Bcnsprnw @Library